000 00844cam a22002174a 4500
005 20250605164118.0
008 250528s ||||||||||||||||||||||||d
035 _a18173
020 _a7963607
040 _aGR-AtMCL
_bgre
_dGR-AtMCL
_eAACR2
245 1 _aTrs-80 Assembly-Language Programming
250 _a1st
260 _c1979
300 _a224
520 _aGeneral Concepts, TRS-80 and Z-80 Architecture, Z-80 Instructions, Z-80 Addressing, Assembly-Language Programming, T-BUG and Debugging, Programming Methods, Moving Data in Bytes and Words and Blocks, Arithmetic and Compare Operations, Logical Operations and Bit Operations and Shifts, Strings and Tables, I/ O Operations, Common Subroutine, Index.
700 1 _aBarden William
_94457
700 1 _aRadio Shack
_94458
942 _cBK
999 _c3553
_d3553